| 000 | 00381 a2200145 4500 | ||
|---|---|---|---|
| 001 | 169319 | ||
| 020 | _a | ||
| 040 | _cMagnum | ||
| 100 | _aAgencia Regional de Noticias | ||
| 240 | 1 | 0 |
_aClipping em educacao - 03/01/00 a 09/01/00 - ano i - nº 21 _lpor |
| 245 | 1 | 0 | _aClipping em educacao - 03/01/00 a 09/01/00 - ano i - nº 21 |
| 362 | 0 | _a1899 | |
| 697 | _aGERAL | ||
| 942 | _cBK | ||
| 999 |
_c169319 _d169319 |
||